Minecraft Items: Potions - Statistics

General Stats
  • This quiz has been taken 59 times
  • The average score is 25 of 42
Answer Stats
Starting Potion Ingredient Resulting Potion % Correct
Awkward Potion Magma Cream Potion of Fire Resistance
82%
Awkward Potion Glistering Melon Slice Potion of Healing
82%
Awkward Potion Blaze Powder Potion of Strength
82%
Awkward Potion Sugar Potion of Swiftness
82%
Water Bottle Nether Wart Awkward Potion
79%
Nether Wart
77%
Potion of Healing Fermented Spider Eye Potion of Harming
77%
Potion of Poison Fermented Spider Eye Potion of Harming
77%
Awkward Potion Rabbit's Foot Potion of Leaping
77%
Awkward Potion Golden Carrot Potion of Night Vision
74%
Awkward Potion Spider Eye Potion of Poison
74%
Awkward Potion Ghast Tear Potion of Regeneration
74%
Water Bottle Fermented Spider Eye Potion of Weakness
72%
Spider Eye
72%
Blaze Powder
69%
Fermented Spider Eye
69%
Awkward Potion Pufferfish Potion of Water Breathing
69%
Awkward Potion Phantom Membrane Potion of Slow Falling
67%
Potion of Swiftness Fermented Spider Eye Potion of Slowness
64%
Potion of Leaping Fermented Spider Eye Potion of Slowness
64%
Magma Cream
62%
Awkward Potion Turtle Shell Potion of the Turtle Master
62%
Golden Carrot
59%
Potion of Night Vision Fermented Spider Eye Potion of Invisibility
59%
Rabbit's Foot
59%
Phantom Membrane
56%
Sugar
54%
Ghast Tear
49%
Awkward Potion Slime Block Potion of Oozing
49%
Awkward Potion Stone Potion of Infestation
46%
Turtle Shell
46%
Pufferfish
44%
Slime Block
44%
Water Bottle Miscellaneous Mundane Potion
41%
Glistering Melon Slice
38%
Cobweb
33%
Stone
33%
Glowstone Dust
31%
Water Bottle Glowstone Dust Thick Potion
31%
Breeze Rod
28%
Awkward Potion Cobweb Potion of Weaving
28%
Awkward Potion Breeze Rod Potion of Wind Charging
26%
No matching quizzes found
Score Distribution
Percent of People with Each Score
Percentile by Number Answered
Your Score History
You have not taken this quiz